000
00323 a2200133 4500
999
_c
12207
_d
12207
003
OSt
005
20231229164640.0
008
231229b ||||| |||| 00| 0 eng d
020
_a
9780500518274
100
_a
LOSTY J. P.
245
_a
Sita ram'S painted views of india
260
_b
Thames and hudson
_c
2015
942
_2
ddc